000
00293nam a22001337a 4500
008
170502b xxu||||| |||| 00| 0 eng d
020
_a
9780205464104
041
_a
eng
080
_a
34
100
_a
13
101
_a
SHJ
245
_a
INTRODUCTION CPUNSELING
_c
NYSTUL.M.S
942
_2
udc
_c
BK
999
_c
12418
_d
12418